[Event "Madrid-ch Seniors 50"]
[Site "Madrid"]
[Date "2019.01.16"]
[Round "8"]
[White "Yela Garcia, Carlos"]
[Black "Garcia Galeote, Lorenzo"]
[Result "0-1"]
[WhiteElo "1546"]
[BlackElo "1895"]
[PlyCount "98"]
[EventDate "2019.01.07"]
[EventType "swiss"]
[EventRounds "9"]
[EventCountry "ESP"]
[SourceTitle "CBM 188 Extra"]
[Source "ChessBase"]
[SourceDate "2019.02.26"]
[SourceVersion "1"]
[SourceVersionDate "2019.02.26"]
[SourceQuality "1"]

1. e4 Nc6 2. d4 d5 3. exd5 Qxd5 4. c3 e5 5. Qe2 Bf5 6. Qb5 0-0-0 7. Qxd5 Rxd5 8. Bc4 Rd8 9. Nf3 f6 10. dxe5 Nxe5 11. Nxe5 Re8 12. 0-0 Rxe5 13. Bd2 Ne7 14. Re1 Nc6 15. Rxe5 Nxe5 16. Bb3 Bc5 17. Be3 Bxe3 18. fxe3 Ng4 19. e4 Bd7 20. Nd2 Re8 21. h3 Ne5 22. Bc2 Bb5 23. a4 Ba6 24. b4 Rd8 25. Nf3 Bd3 26. Ne1 Bxc2 27. Nxc2 Rd2 28. Nd4 Kd7 29. Rc1 b6 30. b5 Nc4 31. Nf3 Re2 32. Rd1+ Ke7 33. Nd4 Rxg2+ 34. Kxg2 Ne3+ 35. Kf3 Nxd1 36. Nc6+ Kd6 37. c4 Nb2 38. Nxa7 Nxa4 39. Nc6 Nb2 40. Nd4 g6 41. Kf4 Nxc4 42. Nf3 Ne5 43. Nxe5 fxe5+ 44. Kg5 c5 45. bxc6 b5 46. Kh6 b4 47. Kxh7 b3 48. Kxg6 b2 49. c7 Kxc7 0-1

[Event "Madrid-ch Seniors 50"]
[Site "Madrid"]
[Date "2019.01.14"]
[Round "6"]
[White "Yela Garcia, Carlos"]
[Black "Menendez Domens, Juan Manuel"]
[Result "1/2-1/2"]
[WhiteElo "1546"]
[BlackElo "1393"]
[PlyCount "57"]
[EventDate "2019.01.07"]
[EventType "swiss"]
[EventRounds "9"]
[EventCountry "ESP"]
[SourceTitle "CBM 188 Extra"]
[Source "ChessBase"]
[SourceDate "2019.02.26"]
[SourceVersion "1"]
[SourceVersionDate "2019.02.26"]
[SourceQuality "1"]

1. e4 e5 2. Nf3 Nc6 3. Bc4 h6 4. d4 exd4 5. Nxd4 Qf6 6. Nxc6 Bc5 7. 0-0 Qxc6 8. Qf3 Nf6 9. Bd5 Nxd5 10. exd5 Qg6 11. Re1+ Kd8 12. Qe4 Qf6 13. Be3 Re8 14. Qxe8+ Kxe8 15. Bxc5+ Kd8 16. Be7+ Qxe7 17. Rxe7 Kxe7 18. c4 d6 19. b3 Bf5 20. Nc3 a5 21. f3 Kd7 22. Re1 Re8 23. Rxe8 Kxe8 24. g4 Bc2 25. Kf2 g5 26. Kg3 Ke7 27. h4 f6 28. Ne4 Bb1 29. Nc3 1/2-1/2

[Event "Madrid-ch Seniors 50"]
[Site "Madrid"]
[Date "2019.01.11"]
[Round "5"]
[White "Olmos Sanz, Francisco J"]
[Black "Yela Garcia, Carlos"]
[Result "1-0"]
[WhiteElo "1574"]
[BlackElo "1546"]
[PlyCount "44"]
[EventDate "2019.01.07"]
[EventType "swiss"]
[EventRounds "9"]
[EventCountry "ESP"]
[SourceTitle "CBM 188 Extra"]
[Source "ChessBase"]
[SourceDate "2019.02.26"]
[SourceVersion "1"]
[SourceVersionDate "2019.02.26"]
[SourceQuality "1"]

1. c4 c5 2. Nc3 Nc6 3. Nf3 Nf6 4. e3 d5 5. cxd5 Nxd5 6. a3 g6 7. Bb5 Nxc3 8. Bxc6+ Bd7 9. Bxd7+ Qxd7 10. bxc3 Bg7 11. d4 cxd4 12. cxd4 Rd8 13. Qe2 Qc6 14. 0-0 0-0 15. Bb2 Rd5 16. a4 h5 17. e4 Rdd8 18. d5 Qd6 19. Bxg7 Kxg7 20. Qb2+ f6 21. Ng5 Qb6 22. Ne6+ Kf7 1-0

[Event "Madrid-ch Seniors 50"]
[Site "Madrid"]
[Date "2019.01.07"]
[Round "1"]
[White "Lopez Heras, Arturo"]
[Black "Yela Garcia, Carlos"]
[Result "1-0"]
[WhiteElo "1858"]
[BlackElo "1546"]
[PlyCount "73"]
[EventDate "2019.01.07"]
[EventType "swiss"]
[EventRounds "9"]
[EventCountry "ESP"]
[SourceTitle "CBM 188 Extra"]
[Source "ChessBase"]
[SourceDate "2019.02.26"]
[SourceVersion "1"]
[SourceVersionDate "2019.02.26"]
[SourceQuality "1"]

1. e4 c5 2. Nf3 Nc6 3. d4 cxd4 4. Nxd4 g6 5. Nxc6 bxc6 6. Qd4 f6 7. Bc4 Qb6 8. Be3 Qxd4 9. Bxd4 Bb7 10. Nc3 e5 11. Be3 Bh6 12. Bc5 Bf8 13. Bxf8 Kxf8 14. Rd1 Rd8 15. 0-0 Ne7 16. Rd6 Kg7 17. Rfd1 Bc8 18. Na4 f5 19. f3 fxe4 20. fxe4 Rhf8 21. Nc5 Rf4 22. g3 Rf6 23. Rxf6 Kxf6 24. Rd6+ Kg7 25. Ne6+ dxe6 26. Rxd8 Kf6 27. Rf8+ Kg7 28. Rf3 c5 29. Ra3 Nc6 30. Bb5 Nd4 31. Rxa7+ Kf6 32. Ba4 h5 33. Kf2 Kg5 34. c3 Nf5 35. exf5 exf5 36. h4+ Kh6 37. Rc7 1-0